Ohne Maske

Titel: Ohne Maske : ein Tatsachenbericht / Paul Wolff
Verfasser:
Veröffentlicht: Hamburg : Hoffmann & Campe, 1948
Umfang: 140 S.
Format: Buch
Sprache: Deutsch
Kein Bild verfügbar
X
Lokale Klassifikation: 2 W 302 ; 6 7 L
alg: 12477208
001A    $03004:17-11-04 
001B    $01999:26-05-23 $t18:28:22.000 
001C    $06002:03-03-06 $t01:58:48.000 
001D    $03004:17-11-04 
001U    $0utf8 
001X    $00 
002@    $0Aau 
003@    $0124772080 
003O    $0230745418 $aOCoLC 
007A    $0124772080 $aHEB 
010@    $ager 
011@    $a1948 
021A    $aOhne Maske $dein Tatsachenbericht $hPaul Wolff 
028A    $71042125112 $8Wolff, Paul$Z1895-1951 [Tp1] $9331553252 
033A    $pHamburg $nHoffmann & Campe 
034D    $a140 S. 
045F    $a900.94383209041 $eDDC23BSB 
045F/01 $a900 
045F/03 $f09041 
045F/03 $f09042 
045F/03 $f09043 
045F/03 $g43832 

lok: 12477208 11

exp: 12477208 11 1 #EPN
201B/01 $018-02-22 $t07:13:05.000 
201C/01 $018-02-22 
201U/01 $0utf8 
203@/01 $01182853447 
206V/01 $0w1802425 
208@/01 $a18-02-22 $br 
209A/01 $a60 Fi 2389 $du $f100 $x00 
209B/01 $aretro $x05 
247C/01 $8620100-3 <43>Wiesbaden, Hochschul- und Landesbibliothek RheinMain, Rheinstraße $9102599572 

lok: 12477208 24
101B    $017-11-04 $t08:46:06.000 
101C    $017-11-04 
145Z/01 $a2 W 302 
145Z/02 $a6 7 L 
101U    $0utf8 

exp: 12477208 24 1 #EPN
201B/01 $017-11-04 $t08:46:06.000 
201C/01 $017-11-04 
203@/01 $0221923659 
208@/01 $a17-11-04 $br 
209A/01 $a2 W 302 $du $f050 $h2 W 302 $x00 
209C/01 $a1698 K 67 $h67 1698 K 
209G/01 $a70800144 $x00 
220C/01 $aneu 
247C/01 $8358050-7 Marburg, Bibliothek des Herder-Instituts Marburg $9102600961 
201U/01 $0utf8 

lok: 12477208 205

exp: 12477208 205 1 #EPN
201B/01 $012-12-18 $t07:12:17.000 
201C/01 $012-12-18 
201U/01 $0utf8 
203@/01 $01036581896 
208@/01 $a12-12-18 $br 
209A/01 $aVIIea C 5616 bc $du $f000 $x00 
209B/01 $a98 $x05 
209C/01 $a1948/4353 
209G/01 $a20953144 $x00 
247C/01 $8351000-1 <4>Marburg, Universität Marburg, Universitätsbibliothek $9102594767
LEADER 00000cam a2200000 c 4500
001 124772080
003 DE-603
005 20230526182822.0
007 tu
008 041117s1948 xx |||| | u00||u|ger c
035 |a (DE-599)HEB124772080 
035 |a (OCoLC)230745418 
040 |a DE-603  |b ger  |c DE-603  |d DE-603 
041 |a ger 
082 0 4 |8 1\u  |a 900.94383209041  |q DE-101  |2 23/BSB 
085 |8 1\u  |b 900 
085 |8 1\u  |z 1  |s 09041 
085 |8 1\u  |z 1  |s 09042 
085 |8 1\u  |z 1  |s 09043 
085 |8 1\u  |z 2  |s 43832 
100 1 |a Wolff, Paul  |d 1895-1951  |0 (DE-603)331553252  |0 (DE-588)1042125112  |2 gnd 
245 0 0 |a Ohne Maske  |b ein Tatsachenbericht  |c Paul Wolff 
264 1 |a Hamburg  |b Hoffmann & Campe  |c 1948 
300 |a 140 S. 
924 0 |9 43  |a (DE-603)1182853447  |b DE-43  |c HES  |d c  |g 60 Fi 2389 
924 0 |9 Mb 50  |a (DE-603)221923659  |b DE-Mb50  |c HES  |d c  |g 2 W 302 
924 0 |9 4  |a (DE-603)1036581896  |b DE-4  |c HES  |d c  |g VIIea C 5616 bc